000 03848nam0a2200553 4500
001 RU\NLR\BIBL_A\011962531
005 20250809113107.0
020 _aRU
_9Ленинград в Великой Отечественной войне. Коллекция. Афиши
035 _a(NLR Aleph) 011962531
090 _a48360
_c48360
100 _a20190318d1945 u y0rusy50 ca
101 0 _arus
102 _aRU
105 _ay z 000zy
135 _acrcn 024anaba
200 1 _aЛенинградские театры - студенчеству в дни каникул
_eОрдена Ленина Театр оперы и балета им. С.М. Кирова, Ордена Ленина Малый Оперный Театр, Ордена Трудового Красного Знамени Театр драмы им. А.С. Пушкина, Театр музыкальной комедии, Большой драматический театр им. М. Горького, Драматический театр при Управлении по делам искусств, Ленинградский цирк, Ленгосэстрада
_e[афиша]
_fУправление по делам искусств Исполкома Ленгорсовета, Дирекция театральных касс
210 _a[Ленинград]
_cБИ 221 ТЛ-10
_d1945
215 _a1 л.
_d52х72
300 _aБилеты на объявленный репертуар продаются в Главной Театральной кассе
300 _aЗак. 513
325 _aКопия доступна в Электрон. б-ке РНБ
606 1 _aТеатральная жизнь
_yЛенинград, город
_z1941 - 1944
_jАфиши
_2nlr_sh2
_3RU\NLR\AUTH\6601649837
686 _aЩ333(2Р=Рус)7-692Ленинград
711 0 2 _aДирекция театральных касс
_3RU\NLR\AUTH\880497123
711 0 2 _aЛенинградский театр оперы и балета им. С. М. Кирова
_3RU\NLR\AUTH\889918878
711 0 2 _aЛенинградский малый театр оперы и балета
_3RU\NLR\AUTH\889923401
711 0 2 _aЛенинградский театр драмы им. А. С. Пушкина
_3RU\NLR\AUTH\889918259
711 0 2 _aЛенинградский театр музыкальной комедии
_3RU\NLR\AUTH\889923122
711 0 2 _aЛенинградский большой драматический театр им. М. Горького
_3RU\NLR\AUTH\889920439
711 0 2 _aЛенинградский драматический театр им. В. Ф. Комиссаржевской
_3RU\NLR\AUTH\889920450
711 0 2 _aЛенинградский цирк
_3RU\NLR\AUTH\880358698
711 0 2 _aЛенинградская государственная эстрада
_3RU\NLR\AUTH\880495396
852 _aNLR
_jЛ3-330а/40/2/1945-февр.-март
856 0 _uhttp://vivaldi.nlr.ru/la700000090/view
856 1 _uhttp://vivaldi.nlr.ru/la700000090/cover
856 2 _uhttp://vivaldi.nlr.ru/la700000090/text
942 _cVISUAL
945 _aРоссийская национальная библиотека
980 _aNB
980 _aBV
980 3 _akplen
980 3 _akp
981 3 7 _a(37) Ленинград в Великой Отечественной войне
_b(37) Афиши блокадного Ленинграда